Methods for social theory (Registro nro. 307684)

Detalles MARC
000 -ENCABEZADO
Número de control [NR] 01370cam a2200289 i 4500
005 - FECHA Y HORA DE LA ÚLTIMA TRANSACCIÓN
control field 20171109153839.0
008 - DE LONGITUD FIJA DE DATOS DE ELEMENTOS - INFORMACIÓN GENERAL
Elementos de longitud fija [NR] 171109s2017 enka rb 001 0 eng d
010 ## - NUMERO DE CONTROL DE LA BIBLIOTECA DEL CONGRESO (LC) [NR]
Número de control LC [NR] 2016021735
020 ## - NUMERO INTERNACIONAL NORMALIZADO PARA LIBROS [R]
Número Internacional Normalizado del libro [NR] 9781472472816
020 ## - NUMERO INTERNACIONAL NORMALIZADO PARA LIBROS [R]
Número Internacional Normalizado del libro [NR] 9781472472847
020 ## - NUMERO INTERNACIONAL NORMALIZADO PARA LIBROS [R]
ISBN Cancelado/ Invalidado [R] 9781315595115 (ebook)
040 ## - FUENTE DE CATALOGACION [NR]
Agencia de catalogación original [NR] CO-BoUCM
Idioma de catalogación [NR] spa
Quien Cataloga Sandra Palacio
Quien Clasifica Sandra Palacio
041 0# - CODIGO DE IDIOMA [R]
Código de idioma para texto/pista de sonido o título separado [R] Inglés
042 ## - CODIGO DE AUTENTICACION [NR]
Código de autenticación [R] pcc
100 1# - ASIENTO PRINCIPAL--NOMBRE PERSONAL [NR]
Nombre personal [NR] Karlsson, Jan
Fechas asociadas con el nombre [NR] 1948-
ID Autoridad 88776
245 10 - MENCION DE TITULO [NR]
Título [NR] Methods for social theory
Parte restante del título [NR] analytical tools for theorizing and writing
Mención de responsabilidad, etc. [NR] Jan Ch. Karlsson y Ann Bergman
260 ## - PUBLICACION, DISTRIBUCION, ETC. (PIE DE IMPRENTA) [R]
Lugar de publicación, distribución, etc. [R] Londres (Inglaterra)
Nombre del editor, distribuidor, etc. [R] Routledge
Fecha de publicación, distribución, etc. [R] 2017
300 ## - DESCRIPCION FISICA [R]
Extensión [R] xv, 168 páginas
505 0# - NOTA DE CONTENIDO CON FORMATO PREESTABLECIDO [R]
Nota de contenido con formato preestablecido [NR] Theorizing and writing social theory -- Basics of displays -- The use of displays in theorizing -- Basics of property spaces -- Reduction of property spaces in theorizing -- Expansion of property spaces in theorizing -- The model of argumentation: chain of reasoning, chains of argument and arguments -- Examples of using the model of argumentation -- Theorizing and writing.
650 17 - ASIENTO SECUNDARIO DE MATERIA - TERMINO TEMATICO [R]
Término temático o nombre geográfico como elemento de entrada [NR] Ciencias sociales
Subdivisión general [R] Filosofia
9 (RLIN) 38933
650 27 - ASIENTO SECUNDARIO DE MATERIA - TERMINO TEMATICO [R]
Término temático o nombre geográfico como elemento de entrada [NR] Investigación científica
9 (RLIN) 17977
650 27 - ASIENTO SECUNDARIO DE MATERIA - TERMINO TEMATICO [R]
Término temático o nombre geográfico como elemento de entrada [NR] Investigación en ciencias sociales
9 (RLIN) 17990
650 27 - ASIENTO SECUNDARIO DE MATERIA - TERMINO TEMATICO [R]
Término temático o nombre geográfico como elemento de entrada [NR] Ciencias sociales
Subdivisión general [R] Arte de escribir
9 (RLIN) 54298
700 1# - ASIENTO SECUNDARIO - NOMBRE PERSONAL [R]
Nombre personal [NR] Bergman, Ann
9 (RLIN) 88777
942 ## - ELEMENTOS DE ENTRADA AGREGADOS (KOHA)
Sistema de clasificación DEWEY
Tipo de ítem principal el descrito en 300a Libro de reserva
Tema principal Sociología
Edición 1
Clasificación 300.1
Parte restante de la signatura top. K185me
Existencias
Signatura topográfica Código de barras Última vez visto Ejemplar Costo de reposición Price effective from Tipo de ítem Nota pública (OPAC) Perdido Sistema de clasificación Dañado No prestable Tipo de ítem específico Suprimido Ubicación habitual Ubicación actual Localización Fecha de creación Proveedor Forma de adquisición Costo
300.1 K185me 100155066 03/12/2025 Ej.1 113575.00 03/11/2017 Libro Spot de Investigación   DEWEY     Libro   Claustro Claustro 3er piso - Research commons 03/11/2017 15 Compra 113575.00
300.1 K185me 100155067 03/12/2025 Ej.2 114444.00 03/11/2017 Libro Spot de Investigación   DEWEY     Libro   Claustro Claustro 3er piso - Research commons 03/11/2017 15 Compra 114444.00